[Event "Reykjavik Chess Congress 2019"]
[Site "Reykjavik"]
[Date "2019.01.09"]
[Round "1"]
[White "Kjartansson, David"]
[Black "Vignisson, Ingvar Egill"]
[Result "1-0"]
[WhiteElo "2403"]
[BlackElo "1660"]
[Annotator "TA"]
[PlyCount "41"]
[EventDate "2019.01.09"]
[EventType "swiss"]
[EventCountry "ISL"]
[SourceTitle "playchess.com"]
[Source "ChessBase"]
[SourceQuality "1"]

{[%evp 17,41,39,37,24,25,19,21,10,10,8,70,16,24,8,30,16,23,0,12,15,645,645,639,617,620,626]} 1. e4 c5 2. Nf3 d6 {[%cal Bd7d6,Bd6d5][%mdl 32]} 3. d4 cxd4 4. Nxd4 Nf6 5. Nc3 a6 6. a3 e5 {B90: Sicilian Najdorf: Unusual White 6th moves, 6 Be3 Ng4 and 6 Be3 e5} 7. Nf5 (7. Nf3 Be7 8. Bc4 O-O 9. Bg5 Be6 10. Bxf6 Bxc4 11. Bxe7 Qxe7 12. Nd2 Be6 13. Nf1 Nd7 14. Ne3 Nf6 15. O-O Rac8 16. Qd3 Rc6 17. Rfd1 Rfc8 18. f3 g6 19. Kh1 Kg7 20. Qd2 {½-½ (20) Anand,V (2782)-Nepomniachtchi,I (2729) Riadh 2017}) 7... d5 8. Bg5 Bxf5 9. exf5 d4 {LiveBook: 3 Games} 10. Ne4 Be7 11. Bxf6 Bxf6 12. Bc4 O-O $146 ({Predecessor:} 12... Nc6 13. Qh5 Rf8 14. Qxh7 {1-0 (40) Lagno,K (2540)-Sun,F (2068) China 2017}) 13. Qf3 Qc7 ({Black should play} 13... Nd7 $11) 14. Bb3 (14. Nxf6+ $14 gxf6 15. Bd5) 14... Nd7 $11 15. O-O b5 16. a4 {next axb5 is good for White.} b4 17. Qg4 Qc6 18. a5 {Black must now prevent Ba4.} Nc5 $2 {[%mdl 8192] [#]} (18... Be7 $11) 19. Bd5 $1 $18 {[%cal Rd5c6][%mdl 576] Skewer. White is clearly winning.} h5 (19... Qxd5 20. Nxf6+) 20. Bxc6 hxg4 21. Bxa8 {Accuracy: White = 39%, Black = 35%.} ({Less strong is} 21. Nxc5 Rac8 $18) 1-0

[Event "Reykjavik Chess Congress 2019"]
[Site "Reykjavik"]
[Date "2019.01.09"]
[Round "1"]
[White "Omarsson, Dadi"]
[Black "Briem, Hedinn"]
[Result "1-0"]
[WhiteElo "2252"]
[BlackElo "1617"]
[Annotator "TA"]
[PlyCount "57"]
[EventDate "2019.01.09"]
[EventType "swiss"]
[EventCountry "ISL"]
[SourceTitle "playchess.com"]
[Source "ChessBase"]
[SourceQuality "1"]

{[%evp 17,57,122,115,61,141,156,158,144,187,175,192,179,261,220,225,236,229,247,432,409,774,720,881,847,859,297,291,294,527,360,513,345,479,438,392,289,377,411,937,907,2466,2021]} 1. e4 d6 2. d4 Nf6 3. Nc3 g6 4. f4 Bg7 5. Nf3 O-O 6. Bd3 c6 7. O-O b5 8. e5 dxe5 9. fxe5 Nd5 {LiveBook: 6 Games} 10. Qe1 {B09: Pirc Defence: Austrian Attack} (10. Nxd5 $16 cxd5 11. Bxb5) (10. Bg5 Be6 11. Qe1 Nb4 12. Be4 Bc4 13. Rf2 f5 14. exf6 exf6 15. Bh4 g5 16. a3 gxh4 17. axb4 f5 {½-½ (29) Skorchenko,D (2473)-Bachin,V (2490) Sochi 2006}) 10... Na6 (10... Nb4 $14) 11. Nxd5 $146 ({Predecessor:} 11. Qh4 Nac7 12. Bh6 Ne6 13. Ne4 f6 14. Rae1 Nb4 15. Re3 Nxd3 16. Rxd3 Rf7 17. exf6 exf6 18. Bxg7 Kxg7 {1-0 (26) Ribeiro,M (2121)-Luz,E (2134) Teresina 2012}) 11... Qxd5 12. a4 {Strongly threatening axb5.White is clearly better.} Rb8 13. axb5 cxb5 14. Qh4 Qd7 (14... f6 $142 15. c3 Rb6) 15. Ng5 {[%csl Gg5][%cal Rh4h7]} h6 {[#]} 16. Nf3 $1 h5 17. Bg5 e6 $2 (17... Re8 18. c3 Rb6) 18. Be7 $18 Re8 (18... Bb7 $142 19. Bd6 Rbd8) 19. Bd6 Rb6 20. Ng5 Rxd6 21. exd6 $2 {[#]} (21. Bxg6 fxg6 22. Qe4) 21... f5 22. c3 Nb8 $2 (22... Qxd6 23. Bxb5 Rf8) 23. Nf3 Kh7 (23... Qxd6 $142 24. Bxb5 Bd7) 24. h3 a6 25. g4 Qxd6 {Black hopes to continue with ...Bf6.} 26. gxh5 Bh6 27. hxg6+ Kxg6 (27... Kg7 $142 28. Ne5 Qe7) 28. Rf2 Be3 29. Ne5+ {Accuracy: White = 61%, Black =  6%.} 1-0

[Event "Reykjavik Chess Congress 2019"]
[Site "Reykjavik"]
[Date "2019.01.09"]
[Round "1"]
[White "Ptacnikova, Lenka"]
[Black "Haile, Batel Goitom"]
[Result "0-1"]
[WhiteElo "2187"]
[BlackElo "1549"]
[Annotator "TA"]
[PlyCount "87"]
[EventDate "2019.01.09"]
[EventType "swiss"]
[EventCountry "ISL"]
[SourceTitle "playchess.com"]
[Source "ChessBase"]
[SourceQuality "1"]

{[%evp 10,87,20,10,18,17,24,20,22,18,22,23,22,15,6,0,26,6,22,16,16,-23,66,60,74,72,77,43,93,58,72,70,92,83,68,0,0,0,0,0,73,0,81,31,47,30,30,30,30,30,39,35,60,62,74,71,153,93,162,169,164,182,152,158,385,388,626,610,843,824,1139,1145,1324,1313,2069,2071,1947,2031,1912,1747]} 1. Nf3 Nf6 2. g3 b6 3. Bg2 Bb7 4. O-O g6 5. d3 d6 (5... Bg7 6. e4 O-O 7. Nc3 d6 8. a4 a6 9. Ng5 e5 10. f4 Nc6 11. f5 Ne7 12. g4 d5 13. Qe2 {1-0 (39) Sjugirov,S (2650)-Bortnyk,O (2610) Riadh 2017}) 6. e4 {LiveBook: 16 Games. A05: Réti Opening: 1 Nf3 Nf6} e5 7. c4 Bg7 8. Nc3 {White has an edge.} O-O 9. Bg5 Qd7 $146 ({Predecessor:} 9... h6 10. Bd2 Kh7 11. Ne1 {1-0 (57) Issing,P (2171)-Nielsen,L (2038) Verden 2017}) 10. Qd2 c5 11. a3 Nc6 12. Rab1 a5 13. b3 Rab8 14. Nd5 Nxd5 15. cxd5 Ne7 (15... Nd4 $11) 16. b4 $14 axb4 17. axb4 Ba6 18. b5 Bb7 19. Qc2 f6 {[%cal Bf7f6,Bf6f5,Bf5f4][%mdl 32]} 20. Be3 h6 21. Nd2 f5 {And now ...f4 would win.} 22. f3 (22. f4 $14) 22... f4 $11 23. Bf2 g5 24. Nc4 Qc7 (24... Bc8 $1 $11) 25. Ra1 (25. Bh3 $1 $16) 25... Ra8 (25... Bc8 $11 {remains equal.}) 26. Qb3 Kh7 27. Rxa8 Rxa8 28. Bh3 Bc8 29. Bxc8 Nxc8 30. Be1 Ne7 31. Bc3 Ng6 32. Qb2 h5 {[#]} (32... Bf8 $142) 33. Qg2 $1 $16 Kh6 (33... Rf8 $16 {is a better defense.}) 34. Qh3 $18 Rf8 35. Qe6 Rf6 {[#]} 36. Qe8 $1 Rf8 $2 (36... Kh7 $16 37. Bb2 (37. Qc6 Qf7 $11) 37... g4) 37. Qc6 Qxc6 $2 (37... Qd8 38. Qxd6 Qxd6 39. Nxd6 Kh7) 38. dxc6 {[%cal Bd5c6,Bc6c7][%mdl 32] White is clearly winning.} Ne7 39. Nxb6 Rb8 40. Nd5 Nxd5 41. exd5 Kg6 42. c7 Rc8 43. b6 {[%cal Bb5b6,Bb6b7][%mdl 32]} Kf7 44. b7 {[%mdl 32768] Accuracy: White = 65%, Black = 31%. . Loss on time!?} 0-1

[Event "Reykjavik Chess Congress 2019"]
[Site "Reykjavik"]
[Date "2019.01.09"]
[Round "1"]
[White "Gardarsson, Hordur"]
[Black "Gretarsson, Hjorvar Steinn"]
[Result "0-1"]
[WhiteElo "1667"]
[BlackElo "2560"]
[Annotator "TA"]
[PlyCount "42"]
[EventDate "2019.01.09"]
[EventType "swiss"]
[EventCountry "ISL"]
[SourceTitle "playchess.com"]
[Source "ChessBase"]
[SourceQuality "1"]

{[%evp 15,42,20,47,-28,0,0,0,0,23,-95,-92,-93,-95,-150,-159,-319,-197,-330,-352,-346,-335,-391,-387,-366,-358,-827,-813,-893,-891]} 1. d4 d6 2. e4 g6 3. Nf3 Bg7 4. Nc3 a6 5. Be3 Nf6 6. Qd2 b5 {B08: Pirc Defence: Classical System} (6... O-O 7. Bd3 Nc6 8. h3 e5 9. d5 Ne7 10. O-O-O b5 11. Bh6 b4 12. Bxg7 Kxg7 13. Ne2 c6 14. dxc6 Nxc6 15. Bc4 Qb6 16. Ng3 Na5 17. Bb3 Nxb3+ 18. axb3 Re8 {0-1 (38) Bok,B (2608)-Smirin,I (2667) Wijk aan Zee 2017}) 7. Bh6 O-O 8. Bxg7 Kxg7 {LiveBook: 32 Games. The position is equal.} 9. Qf4 (9. Bd3 $14) 9... b4 10. Ne2 Nc6 $146 {[%cal Bb8c6,Bc6e7,Be7g6][%mdl 32]} ({Predecessor:} 10... c5 11. dxc5 dxc5 12. Ng3 Nc6 13. Bc4 e5 14. Qe3 Nd4 {½-½ (23) Cherniaev,A (2472)-Pavlovic,M (2507) Hastings 2007}) 11. Rd1 Qe8 12. Qh4 {[#]} (12. e5 $11 Nd5 13. Qe4) 12... e5 $1 $17 13. d5 Ne7 14. h3 (14. Nd2 $142) 14... h6 {[%cal Bh7h6,Bh6g5,Bg5g4][%mdl 32]} 15. Ng3 $2 (15. Nd2 $17) 15... Qd8 16. Bd3 (16. Rd3 $142) 16... g5 $19 17. Nxg5 Ng6 ({Weaker is} 17... hxg5 18. Qxg5+ Ng6 19. Nf5+ Kg8 20. Nh6+ Kh7 21. h4 $15) 18. Nh5+ Nxh5 19. Qxh5 hxg5 ({Don't play} 19... Qxg5 20. Qxg5 hxg5 21. f3 $19) 20. g3 $2 {[#]} (20. Qf3) 20... g4 $1 21. h4 (21. hxg4 Rh8) 21... Rh8 {Accuracy: White = 15%, Black = 74%.} 0-1

[Event "Reykjavik Chess Congress 2019"]
[Site "Reykjavik"]
[Date "2019.01.09"]
[Round "1"]
[White "Jonatansson, Sigurdur Freyr"]
[Black "Bjornsson, Sigurbjorn"]
[Result "0-1"]
[WhiteElo "1658"]
[BlackElo "2296"]
[Annotator "TA"]
[PlyCount "88"]
[EventDate "2019.01.09"]
[EventType "swiss"]
[EventCountry "ISL"]
[SourceTitle "playchess.com"]
[Source "ChessBase"]
[SourceQuality "1"]

{[%evp 14,88,21,23,9,-7,-14,-8,42,48,45,15,21,2,10,0,37,14,26,-12,-20,-47,-54,-60,-51,-57,-61,-72,-63,-62,-58,-83,-37,-81,-84,-89,-89,-92,-89,-88,-94,-97,-43,-97,-71,-123,-118,-144,-123,-124,-117,-202,-203,-251,-256,-364,-285,-419,-364,-418,-356,-437,-432,-419,-411,-402,-392,-987,-966,-904,-930,-885,-889,-29972,-29971,-29949,-12845]} 1. e4 c5 2. Nf3 d6 3. Bb5+ Nd7 4. Nc3 a6 5. Bxd7+ Bxd7 6. O-O Nf6 {B51: Sicilian: Moscow Variation (3 Bb5+) without 3...Bd7} 7. e5 dxe5 8. Nxe5 {LiveBook: 3 Games} e6 {White has an edge.} (8... b5 9. d4 b4 10. Ne2 e6 11. Bg5 Be7 12. Re1 Bb5 13. c4 bxc3 14. bxc3 {½-½ (31) Lin,C (2514)-Zhao,J (2611) Hangzhou 2018}) 9. d4 (9. d3 {feels hotter.} Qc7 10. Qe2 Bd6 11. Nxd7 Nxd7 12. f4) 9... cxd4 10. Qxd4 Bc6 $146 (10... Bb5 {keeps more tension.} 11. Rd1 Qxd4 12. Rxd4 Bc5 13. Rh4 O-O) ({Predecessor:} 10... Rc8 11. Bg5 Bc5 12. Qh4 Be7 13. Rad1 Rc7 14. Rd2 Qc8 15. Rfd1 Bc6 {0-1 (58) Chiarotto,F (2059)-Blechzin,I (2360) Acqui Terme 2014}) 11. Nxc6 bxc6 12. Qxd8+ (12. Qc4 {looks sharper.} Qc7 13. Bf4 Qb7 14. Qb3 Qa7 15. Rad1) 12... Rxd8 13. Bg5 Be7 14. Rad1 Rb8 15. b3 Nd5 16. Nxd5 (16. Bd2 {is more complex.} Nb4 17. Ne2 Rd8 18. Bxb4 Bxb4 19. Nd4) 16... cxd5 17. Bxe7 Kxe7 $11 {[%mdl 4096] Endgame KRR-KRR} 18. Rfe1 Rb5 19. Re2 Rc8 20. Rd4 a5 21. Kf1 Rbc5 22. Rdd2 {[#]} a4 $1 {[%mdl 512]} 23. bxa4 Kd6 24. Ke1 Rc4 25. Rd3 Rxc2 26. Rxc2 Rxc2 $17 {KR-KR} 27. Ra3 Kc6 (27... Rc7 $17) 28. a5 (28. Rg3 $15) 28... Kb7 29. g3 (29. Rb3+ $142 Ka7 30. a3) 29... Ka6 30. h3 Rc5 31. Rf3 f6 ({And not} 31... Rxa5 32. Rxf7 g5 33. Rxh7 $14) 32. Re3 (32. Rb3 $17) 32... e5 $19 ({Inferior is} 32... Rxa5 33. Rxe6+ Kb5 34. Re7 $11) 33. f3 Rxa5 ({Don't take} 33... Kxa5 34. Kd1 $19) 34. Re2 (34. Rb3 {is a better defense.}) 34... Ra3 35. Kf2 (35. f4 $142 e4 36. Rd2) 35... Kb6 36. Rb2+ Kc5 37. g4 h6 38. Rc2+ Kd4 39. Rd2+ Kc4 40. Rc2+ $2 (40. Ke2) 40... Kd3 41. Re2 d4 42. Ke1 Rc3 {[#] White must now prevent ...Rc1+.} 43. Kf2 Rc2 44. Rxc2 Kxc2 {Accuracy: White = 29%, Black = 60%.} 0-1

[Event "Reykjavik Chess Congress 2019"]
[Site "Reykjavik"]
[Date "2019.01.09"]
[Round "1"]
[White "Valdimarsson, Johann"]
[Black "Olafsson, Thorvardur"]
[Result "0-1"]
[WhiteElo "1577"]
[BlackElo "2199"]
[Annotator "TA"]
[PlyCount "82"]
[EventDate "2019.01.09"]
[EventType "swiss"]
[EventCountry "ISL"]
[SourceTitle "playchess.com"]
[Source "ChessBase"]
[SourceQuality "1"]

{[%evp 15,82,10,20,0,0,0,0,-16,0,0,0,0,18,0,-4,-17,-17,-33,-43,-38,-45,-47,-21,-75,-67,-127,-118,-120,-138,-272,-266,-368,-289,-309,-310,-301,-298,-290,-289,-290,-284,-272,-185,-185,-185,-185,-185,-185,-185,-185,-185,-208,-206,-220,-220,-328,-323,-328,-282,-434,-422,-489,-483,-458,-434,-388,-328,-29969,-29969]} 1. c4 Nf6 2. g3 g6 3. Bg2 Bg7 4. d4 d5 5. Nf3 c6 6. cxd5 cxd5 7. O-O O-O 8. Nc3 e6 {LiveBook: 327 Games} 9. Bd2 {D79: Fianchetto Grünfeld: Symmetrical Variation (6 0-0 c6 7 cxd5 cxd5)} (9. Ne5 Bd7 10. Bg5 h6 11. Bf4 Nc6 12. Qd2 Kh7 13. Rfd1 Nh5 14. e4 Nxf4 15. Qxf4 dxe4 16. Nxe4 Qe7 17. h4 Rad8 18. h5 gxh5 19. Rac1 Be8 {0-1 (30) Mamedyarov,S (2799)-Artemiev,V (2691) Moscow 2017}) 9... Ne4 $146 ({Predecessor:} 9... a6 10. Rc1 b5 11. b4 Bb7 12. Ne5 Nbd7 13. Nxd7 Qxd7 14. Be1 Rac8 15. a3 Rc4 16. f3 Rfc8 {0-1 (29) Gorini,M (924)-Klawitter,B (499) LSS email 2013}) 10. Rc1 Nc6 {[%cal Bb8c6,Bc6a5,Ba5c4][%mdl 32]} 11. Be1 {The position is equal.} f5 12. e3 Bd7 13. Nd2 Na5 14. Ncxe4 fxe4 15. f3 Bh6 16. Bf2 exf3 17. Nxf3 Nc4 $36 {[%mdl 2048] Black has some pressure.} 18. Qb3 Qb6 {[#] Threatens to win with ...Nxe3!} 19. Qxb6 (19. Rfe1 $11) 19... axb6 $17 20. Ne5 (20. g4 $15) 20... Nxe5 21. dxe5 Rxa2 22. Rc7 (22. Rb1 $17) 22... Bb5 $19 23. Rfc1 Rxb2 24. R7c2 Rxc2 25. Rxc2 Ra8 {Strongly threatening ...Ra1+.} 26. h4 Bc4 27. e4 Ra1+ 28. Kh2 Ra2 29. Rxa2 Bxa2 30. Bxb6 {[%mdl 4096] Endgame KBB-KBB} Kf7 31. exd5 Bxd5 ({But not} 31... exd5 32. Bd4 $17) 32. Bf1 Bd2 33. Bd4 Bc6 34. Bd3 b5 {[%cal Bb7b5,Bb5b4,Bb4b3,Bb3b2][%mdl 32]} 35. h5 (35. g4 {keeps fighting.}) 35... b4 ({Weaker is} 35... gxh5 36. Bxh7 Bf3 37. Bc2 $19) 36. hxg6+ hxg6 37. Kg1 (37. Kh3 {was called for.}) 37... Be1 38. Bf2 Bc3 39. Kf1 b3 40. Ke2 b2 41. g4 $2 {[#]} (41. Bb1 $19) 41... Bb5 $1 {[%mdl 576] Promotion. Accuracy: White = 31%, Black = 80%.} 0-1

[Event "Reykjavik Chess Congress 2019"]
[Site "Reykjavik"]
[Date "2019.01.09"]
[Round "2"]
[White "Gretarsson, Hjorvar Steinn"]
[Black "Ragnarsson, Johann"]
[Result "1-0"]
[WhiteElo "2560"]
[BlackElo "1984"]
[Annotator "TA"]
[PlyCount "79"]
[EventDate "2019.01.09"]
[EventType "swiss"]
[EventCountry "ISL"]
[SourceTitle "playchess.com"]
[Source "ChessBase"]
[SourceQuality "1"]

{[%evp 16,79,33,16,54,26,155,14,29,11,47,31,95,108,114,123,138,66,204,192,186,192,170,179,182,102,117,105,111,106,106,100,106,116,101,125,105,92,100,95,99,99,110,102,112,105,143,129,127,116,150,147,356,195,168,23,38,0,2423,2442,2408,1888,29993,29994,29994,29992]} 1. e4 c6 2. d4 d5 3. e5 Bf5 4. Nf3 e6 5. Be2 Nd7 6. O-O h6 7. Nbd2 Ne7 {B12: Caro-Kann: Advance Variation} 8. Nb3 Qc7 (8... g5 9. Ne1 Qc7 10. f4 c5 11. Nxc5 Nxc5 12. dxc5 Qxc5+ 13. Kh1 d4 14. Nd3 Qc7 15. fxg5 {0-1 (32) Shirov,A (2636)-Nakamura,H (2763) Douglas 2018}) 9. a4 {LiveBook: 53 Games} c5 {The position is equal.} 10. dxc5 $146 ({Predecessor:} 10. Nxc5 Nxc5 11. dxc5 Nc6 12. Be3 Be4 13. Nd4 Qxe5 14. Nxc6 bxc6 {1-0 (23) Svrsek,R (2214)-Tushev,A (2203) ICCF email 2013}) 10... Nxc5 (10... a6 $11 {keeps the balance.}) 11. Nbd4 ({Only move:} 11. Nxc5 $16 Qxc5 12. Bb5+ Kd8 13. c3) 11... a6 $11 12. Be3 Bh7 13. c4 dxc4 (13... Qd7 $1 $14) 14. Bxc4 $16 Nc6 15. Nxc6 Qxc6 {[#]} 16. b4 ({White should try} 16. Qe2 $1 $16) 16... Nd7 (16... Rd8 $1 $14 17. Qc1 (17. Nd4 Qe4 $11) 17... Nxa4) 17. Qb3 Qe4 18. Rfd1 {Threatens to win with Bxe6!} Nxe5 19. Nxe5 Qxe5 20. Bd3 (20. f4 $18 Qf6 21. a5) 20... Be4 21. Bxe4 Qxe4 {[#]} 22. b5 $1 {Black must now prevent Rd4.} Be7 23. Rd4 Qe5 24. bxa6 bxa6 25. Qb7 Qb8 26. Qc6+ {[%mdl 1024] White has strong compensation.} Kf8 27. Rad1 Qc8 28. Qf3 {Rd7 is the strong threat.} Bf6 29. Rd7 Kg8 30. h4 {[%cal Bh2h4,Bh4h5][%mdl 32]} Qe8 31. h5 Rd8 32. Qb7 Rxd7 33. Rxd7 Bg5 $2 (33... Ba1 $16) 34. f4 (34. Bxg5 $142 hxg5 35. Qc7) 34... Bf6 $18 35. Rc7 (35. Kf1 $18) 35... Bd8 $1 $11 {[%cal Rd8c7]} 36. Rd7 Kh7 $2 {[%mdl 8192]} (36... Bf6 $11) 37. Rxf7 $18 {[%csl Gb7][%cal Rf7g7]} Bf6 38. Rxf6 {White wants to mate with Qe4+.} Qxa4 39. Qb1+ Kg8 40. Rxe6 {Accuracy: White = 57%, Black = 41%.} 1-0

[Event "Reykjavik Chess Congress 2019"]
[Site "Reykjavik"]
[Date "2019.01.09"]
[Round "2"]
[White "Bjornsson, Sigurbjorn"]
[Black "Baldvinsson, Loftur"]
[Result "1-0"]
[WhiteElo "2296"]
[BlackElo "1925"]
[Annotator "TA"]
[PlyCount "59"]
[EventDate "2019.01.09"]
[EventType "swiss"]
[EventCountry "ISL"]
[SourceTitle "playchess.com"]
[Source "ChessBase"]
[SourceQuality "1"]

{[%evp 17,59,36,65,37,45,40,45,32,45,30,39,40,51,53,44,40,53,26,55,48,43,51,72,69,99,90,131,137,144,144,135,148,281,260,258,255,224,133,240,226,214,216,224,222]} 1. c4 Nf6 2. g3 g6 3. Bg2 Bg7 4. Nc3 O-O 5. e4 d6 6. Nge2 e5 7. O-O c6 8. d3 Nbd7 9. h3 Ne8 10. Kh2 {A24: English Opening vs King's Indian: Lines without ...Nc6} (10. f4 f5 11. Be3 Ndf6 12. Qd2 Qe7 13. Rae1 fxe4 14. dxe4 Be6 15. b3 Rd8 16. f5 gxf5 17. exf5 Bf7 {1-0 (36) Rakhmanov,A (2629)-Markhanov,V (2073) St Petersburg 2018}) 10... Nc5 11. Be3 Ne6 $146 12. d4 {White is slightly better.} f5 13. dxe5 dxe5 {Hoping for ...Qxd1.} 14. exf5 gxf5 {And now ...Qxd1 would win.} 15. Qxd8 Nxd8 16. f4 Ne6 17. Rae1 Nd6 18. b3 exf4 19. gxf4 Rd8 20. Rd1 Bf8 21. Rg1 {aiming for c5.} Kh8 22. Ng3 Bd7 23. Nce2 Be8 24. Nd4 Nxd4 (24... Ng7 $16 {might work better.} 25. Bc1 h6) 25. Bxd4+ $18 Kg8 {[#]} 26. Nxf5 $1 {[%csl Gc4][%cal Rg2d5][%mdl 512]} Bg6 {[#]} (26... Nxf5 27. Bd5#) 27. Nh4 ({Better is} 27. Bf6 $1 $18) 27... Bg7 (27... Be7 $16) 28. Bxg7 Kxg7 {[#]} 29. f5 $1 {[%mdl 512]} Nxf5 30. Nxf5+ {Accuracy: White = 75%, Black = 41%.} 1-0

[Event "Reykjavik Chess Congress 2019"]
[Site "Reykjavik"]
[Date "2019.01.09"]
[Round "2"]
[White "Olafsson, Thorvardur"]
[Black "Jonsson, Olafur Gisli"]
[Result "0-1"]
[WhiteElo "2199"]
[BlackElo "1806"]
[Annotator "ChessBase"]
[PlyCount "85"]
[EventDate "2019.01.09"]
[EventType "swiss"]
[EventCountry "ISL"]
[SourceTitle "playchess.com"]
[Source "ChessBase"]
[SourceQuality "1"]
[TimeControl "40/5400+30:900+30"]

1. e4 {[%emt 0:03:07]} d6 {[%emt 0:00:00]} 2. d4 {[%emt 0:00:12]} Nf6 {[%emt 0:00:00]} 3. Nc3 {[%emt 0:00:29]} c6 {[%emt 0:00:00]} 4. a4 {[%emt 0:00:59]} Nbd7 {[%emt 0:02:52]} 5. Nf3 {[%emt 0:02:40]} e5 {[%emt 0:00:17]} 6. Bc4 {[%emt 0:02:00]} Be7 {[%emt 0:00:28]} 7. O-O {[%emt 0:01:00]} O-O {[%emt 0:00:41]} 8. h3 {[%emt 0:02:06]} h6 {[%emt 0:03:40]} 9. Re1 {[%emt 0:03:28]} Qc7 {[%emt 0:04:25]} 10. Ba2 {[%emt 0:06:44]} b6 {[%emt 0:09:59]} 11. dxe5 {[%emt 0:04:07]} dxe5 {[%emt 0:02:02]} 12. Nh4 {[%emt 0:02:44]} Nc5 {[%emt 0:22:16]} 13. Qf3 {[%emt 0:12:04]} Be6 {[%emt 0:02:06]} 14. Nf5 {[%emt 0:04:28]} Kh7 {[%emt 0:10:03]} 15. b4 {[%emt 0:14:11]} Bxa2 {[%emt 0:03:32]} 16. Rxa2 {[%emt 0:01:59]} Ne6 {[%emt 0:01:14]} 17. Ne2 {[%emt 0:09:50]} Rg8 {[%emt 0:09:19]} 18. c3 {[%emt 0:03:35]} Rad8 {[%emt 0:01:21]} 19. Nxe7 {[%emt 0:02:24]} Qxe7 {[%emt 0:00:20]} 20. Qf5+ {[%emt 0:00:31]} Kh8 {[%emt 0:03:09]} 21. Qxe5 {[%emt 0:00:40]} Rd3 {[%emt 0:01:06]} 22. Nd4 {[%emt 0:11:56]} Qd7 {[%emt 0:03:13]} 23. Nxe6 {[%emt 0:02:59]} fxe6 {[%emt 0:00:06]} 24. Bxh6 {[%emt 0:02:38]} Rd8 {[%emt 0:00:49]} 25. Bg5 {[%emt 0:01:04]} Qf7 {[%emt 0:00:42]} 26. Qf4 {[%emt 0:01:58]} e5 {[%emt 0:03:42]} 27. Qh4+ {[%emt 0:00:02]} Kg8 {[%emt 0:00:08]} 28. Rc2 {[%emt 0:02:22]} R8d6 {[%emt 0:01:34]} 29. Bxf6 {[%emt 0:00:31]} gxf6 {[%emt 0:00:34]} 30. Qg4+ {[%emt 0:00:25]} Kf8 {[%emt 0:00:17]} 31. Qc8+ {[%emt 0:00:26]} Kg7 {[%emt 0:00:19]} 32. Kh2 {[%emt 0:00:45]} Qb3 {[%emt 0:00:16]} 33. Rce2 {[%emt 0:00:56]} Qxc3 {[%emt 0:03:06]} 34. b5 {[%emt 0:00:39]} cxb5 {[%emt 0:01:34]} 35. Qg4+ {[%emt 0:00:15]} Kf8 {[%emt 0:03:16]} 36. axb5 {[%emt 0:00:08]} Qb3 {[%emt 0:00:18]} 37. Ra1 {[%emt 0:00:50]} Rd7 {[%emt 0:01:48]} 38. Rea2 {[%emt 0:00:24]} Qf7 {[%emt 0:04:51]} 39. Qh4 {[%emt 0:00:58]} Qg7 {[%emt 0:00:25]} 40. Qg4 {[%emt 0:00:00]} Qh7 {[%emt 0:00:00]} 41. Rxa7 {[%emt 0:02:11]} Ke7 {[%emt 0:04:52]} 42. Rxd7+ {[%emt 0:00:30]} Rxd7 {[%emt 0:00:03]} 43. Qxd7+ {[%emt 0:00:17]} 0-1